Missing Word: Extra Missing Movie Words Quiz Stats

 Plays Quiz Updated Nov 21, 2012

     
Support Sporcle.
Go Orange.
Score 0/18 Timer 02:00
7 Plays Today
→ Movie → ↓ Movie ↓ % Correct
Batman and ____Robin
97%
____ Fair LadyMy
96.3%
____ School MusicalHigh
96%
2 ____ 2 FuriousFast
94.3%
____ The Grinch Stole ChristmasHow
92.7%
Much Ado About ________
88.2%
A Night ____ The RoxburyAt
84.4%
How the West ____ WonWas
82.4%
Modern ____Times
66.6%
→ Movie → ↓ Movie ↓ % Correct
Running on ________
64.6%
Grosse Pointe ________
61.5%
Soylent ____Green
60.8%
Missing word from ↓ Movie ↓Ridgemont
59%
The ____ of TidesPrince
58.6%
Grave ____ the FirefliesOf
57.2%
Missing word from ↓ Movie ↓Hood
51.5%
Bicycle ____Thieves
47.6%
Missing word from ↓ Movie ↓Valley
39.5%

Today's Daily Dose

From the Vault

Unlocated NCAA FBS Schools

by puckett86

Sports 6m
I am just gonna throw this out there, perhaps these schools could increase their attendance, if people could figure out where they are located.
Remove Ads.
Support Sporcle.
Get the best of Sporcle when you Go Orange. This ad-free experience offers more features, more stats, and more fun while also helping to support Sporcle. Thank you for becoming a member.

Show Comments

Extras

Top Quizzes Today


Score Distribution

Your Account Isn't Verified!

In order to create a playlist on Sporcle, you need to verify the email address you used during registration. Go to your Sporcle Settings to finish the process.

Report this User

Report this user for behavior that violates our Community Guidelines.

Details: